1360 1222 1095 1872 1395 1245 1345 1307 1274 1273 1026 1953 1632 1344 1400 1223 1935 1395 1131 1129 1107 1395 1133 1978 1852 1727 1482 1180 1768 1870 1682 1929 1538 1646 1591 1195 1150 1151 1292 1690 1378 1022 1097 1976 1727 1032 1938 1024 1284 1144 1446 1573 1931 1880 1852 1367 1988 1091 1592 1950 1912 1728 1943 1324 1423 1101 1809 1466 1398 1962 1916 1480 1719 1988 1638 1630 1919 1399 1110 1087 1192 1404 1864 1740 1216 1512 1030 1034 1564 1059 1959 1752 1046 1738 1875 1692 1014 1068 1966 BCNSPRNW ULIB Ver.6.0+V

เปลี่ยนเป็นภาษาไทย

Change to English
 แสดงรายละเอียดบรรณานุกรม
  กลับหน้าหลัก

Brief Record : Get Marc (ISO 2709) : E-mail record : QR code < ปิดหน้าต่าง
LEADER : 00000nam 2200000uu 4500
001    13399114681
003     ULIB
008    120429s2550||||th 000 0 tha d
020    ^a9789749530078
060 04 ^aWB537^bพ887ค
100 0  ^aเพ็ญนภา ทรัพย์เจริญ
245 10 ^aคู่มือการนวดรักษาโรคแบบราชสำนัก /^cเพ็ญนภา ทรัพย์เจริญ ;บรรณาธิการ
250    ^aพิมพ์ครั้งที่ 1
260    ^aกรุงเทพฯ :^bมูลนิธิการแพทย์แผนไทยพัฒนา,^c2550
300    ^a199 หน้า :^bภาพประกอบ
440  0 ^aชุดคู่มืออบรมการนวดไทย
650  7 ^aการนวด
650  7 ^aนวดรักษาโรค
650  7 ^aการนวด^xแบบราชสำนัก
945    ^p270^l0^i18981
995    ^a เกษร
999    ^aใช้งานได้ทุกระบบ
รายการนี้ยังไม่มีแท็ก
คุณยังไม่ได้ล็อกอิน คุณสามารถมีกิจกรรมร่วมกับเว็บไซต์ได้ แต่ต้องล็อกอินก่อน ::
  ล็อกอิน

รายการสื่อสารสนเทศ

ลำดับที่ ประเภท เลขเรียก/บาร์โค้ด สถานที่ สถานะ
1. วิทยาศาสตร์การแพทย์ และสุขภาพ
วิทยาศาสตร์การแพทย์ และสุขภาพ
WB537 พ887ค  
  Barcode: 18981
ห้องสมุดวิทยาเขตสวรรค์ประชารักษ์
►ส่วนจัดเก็บหนังสือเก่า สปร
บนชั้น
  ขอยืม

รายการใกล้เคียง
    ผู้แต่ง [เพ็ญนภา ทรัพย์เจริญ]

    หัวเรื่อง [การนวด]

BibComment


ยังไม่เคยถูกคอมเมนท์

คอมเมนท์ทรัพยากรรายการนี้
  คอมเมนท์: คู่มือการนวดรักษ..


 Copyright 2026. Bcnsprnw @Library